| 000 | 00366nam a2200145Ia 4500 | ||
|---|---|---|---|
| 008 | 191201s2012 xx 000 0 und d | ||
| 082 |
_a004.16 _bMAM |
||
| 100 | _aMAZIDI, Muhammad Ali | ||
| 245 | 0 | _aThe 8051 Microcontroller and Embedded Systems | |
| 250 | _aRep | ||
| 260 |
_aNew Delhi _bPearson _c2012 |
||
| 300 | _a547 | ||
| 650 | _aB.Tech(CSE) | ||
| 942 |
_2ddc _cBK |
||
| 999 |
_c5749 _d5749 |
||